Cono Sur

Furkejuvvon:
Bibliográfalaš dieđut
Materiálatiipa: Texto
Almmustuhtton: México: IFE. FCE
Fáttát:
Fáddágilkorat: Lasit fáddágilkoriid
Eai fáddágilkorat, Lasit vuosttaš fáddágilkora!

MARC

LEADER 00000 a a2200000 04500
001 30486
003
040
090 |a 195203  
245 |a Cono Sur  
260 |a México:   |b IFE. FCE  
300 |a 624 p.; vol 1  
650 |a PARTIDOS POLITICOS  
650 |a HISTORIA POLITICA  
650 |a IDEOLOGIAS POLITICAS  
650 |a FINANCIAMIENTO  
650 |a ELECCIONES  
650 |a PODER POLITICO  
650 |a ESTRUCTURA ORGANIZACIONAL  
650 |a LIDERAZGO POLITICO  
650 |a IDEOLOGIAS POLITICAS  
650 |a ELECCIONES  
999 |c 11645  |d 11645